Principles of environmental science : (Record no. 19607)

MARC details
000 -LEADER
fixed length control field 01164cam a22003014a 4500
001 - CONTROL NUMBER
control field 15279293
003 - CONTROL NUMBER IDENTIFIER
control field OSt
005 - DATE AND TIME OF LATEST TRANSACTION
control field 20211123092623.0
008 - FIXED-LENGTH DATA ELEMENTS--GENERAL INFORMATION
fixed length control field 080428s2009 iau 001 0 eng
010 ## - LIBRARY OF CONGRESS CONTROL NUMBER
LC control number 2008019443
020 ## - INTERNATIONAL STANDARD BOOK NUMBER
International Standard Book Number 9780073383194 (hard copy : alk. paper)
020 ## - INTERNATIONAL STANDARD BOOK NUMBER
International Standard Book Number 0073383198 (hard copy : alk. paper)
040 ## - CATALOGING SOURCE
Original cataloging agency DLC
Transcribing agency HU
Modifying agency DLC
050 00 - LIBRARY OF CONGRESS CALL NUMBER
Classification number GE105
Item number .C865 2009
082 00 - DEWEY DECIMAL CLASSIFICATION NUMBER
Classification number 363.7
Edition number 22
100 1# - MAIN ENTRY--PERSONAL NAME
Personal name Cunningham, William P.
9 (RLIN) 193
245 10 - TITLE STATEMENT
Title Principles of environmental science :
Remainder of title inquiry & applications /
Statement of responsibility, etc. William P. Cunningham, Mary Ann Cunningham.
250 ## - EDITION STATEMENT
Edition statement 5th ed.
260 ## - PUBLICATION, DISTRIBUTION, ETC.
Place of publication, distribution, etc. Dubuque, IA :
Name of publisher, distributor, etc. McGraw-Hill,
Date of publication, distribution, etc. c2009.
300 ## - PHYSICAL DESCRIPTION
Extent xxiii, 408 p. :
Other physical details ill.(some col), col. maps.;
Dimensions 28 cm.
500 ## - GENERAL NOTE
General note Includes index.
650 #0 - SUBJECT ADDED ENTRY--TOPICAL TERM
Topical term or geographic name entry element Environmental sciences
Form subdivision Textbooks.
9 (RLIN) 7415
700 1# - ADDED ENTRY--PERSONAL NAME
Personal name Cunningham, Mary Ann.
9 (RLIN) 7416
856 41 - ELECTRONIC LOCATION AND ACCESS
Materials specified Table of contents only
Uniform Resource Identifier <a href="http://www.loc.gov/catdir/toc/ecip0817/2008019443.html">http://www.loc.gov/catdir/toc/ecip0817/2008019443.html</a>
906 ## - LOCAL DATA ELEMENT F, LDF (RLIN)
a 7
b cbc
c orignew
d 1
e ecip
f 20
g y-gencatlg
942 ## - ADDED ENTRY ELEMENTS (KOHA)
Source of classification or shelving scheme Dewey Decimal Classification
Koha item type Books like text book referance book
Suppress in OPAC No
Holdings
Withdrawn status Lost status Source of classification or shelving scheme Damaged status Not for loan Home library Current library Shelving location Date acquired Total Checkouts Full call number Barcode Date last seen Copy number Price effective from Koha item type
    Dewey Decimal Classification     Social Library Social Library General Stacks 11/23/2021   363.7/CUN SHLIB 00009630 11/23/2021 1 11/23/2021 Books like text book referance book